<?xml version="1.0" encoding="UTF-8"?>
<record
    xmlns:xsi="http://www.w3.org/2001/XMLSchema-instance"
    xsi:schemaLocation="http://www.loc.gov/MARC21/slim http://www.loc.gov/standards/marcxml/schema/MARC21slim.xsd"
    xmlns="http://www.loc.gov/MARC21/slim">

  <leader>01808nam a2200349 i 4500</leader>
  <controlfield tag="003">DO-SdBNP</controlfield>
  <controlfield tag="005">20240826125436.0</controlfield>
  <controlfield tag="007">ta</controlfield>
  <controlfield tag="008">221125e2019    dr aob|er|||| 001 edspa d</controlfield>
  <datafield tag="020" ind1=" " ind2=" ">
    <subfield code="a">9945406396</subfield>
  </datafield>
  <datafield tag="040" ind1=" " ind2=" ">
    <subfield code="a">DO-SdBNP</subfield>
    <subfield code="b">spa</subfield>
    <subfield code="c">BNPHU</subfield>
    <subfield code="e">rda</subfield>
  </datafield>
  <datafield tag="082" ind1=" " ind2="4">
    <subfield code="2">22</subfield>
    <subfield code="b">G643r</subfield>
  </datafield>
  <datafield tag="100" ind1="1" ind2="0">
    <subfield code="a">Gonz&#xE1;lez, Geraldino,</subfield>
    <subfield code="d">1957-</subfield>
    <subfield code="e">autor</subfield>
    <subfield code="9">20628</subfield>
  </datafield>
  <datafield tag="245" ind1="1" ind2="0">
    <subfield code="a">Riquezas dominicanas:</subfield>
    <subfield code="b">islas, cayos e islotes de la Rep&#xFA;blica Dominicana /</subfield>
    <subfield code="c">Geraldino Gonz&#xE1;lez; fotograf&#xED;as, C&#xE9;sar de la Cruz, Milton Gonz&#xE1;lez, Carlos Brito.</subfield>
  </datafield>
  <datafield tag="264" ind1=" " ind2="1">
    <subfield code="a">Santo Domingo :</subfield>
    <subfield code="b">El Nuevo Diario,</subfield>
    <subfield code="c">2007</subfield>
  </datafield>
  <datafield tag="300" ind1=" " ind2=" ">
    <subfield code="a">139 p&#xE1;ginas :</subfield>
    <subfield code="b">ilustraciones, fotograf&#xED;as ;</subfield>
    <subfield code="c">28 cm.</subfield>
  </datafield>
  <datafield tag="336" ind1=" " ind2=" ">
    <subfield code="2">rdacontent</subfield>
    <subfield code="a">texto</subfield>
    <subfield code="b">txt</subfield>
  </datafield>
  <datafield tag="337" ind1=" " ind2=" ">
    <subfield code="2">rdamedia</subfield>
    <subfield code="a">sin mediaci&#xF3;n</subfield>
    <subfield code="b">n</subfield>
  </datafield>
  <datafield tag="338" ind1=" " ind2=" ">
    <subfield code="2">rdacarrier</subfield>
    <subfield code="a">volumen</subfield>
    <subfield code="b">nc</subfield>
  </datafield>
  <datafield tag="500" ind1=" " ind2=" ">
    <subfield code="a">Incluye datos biogr&#xE1;ficos del autor en la contracubierta.</subfield>
  </datafield>
  <datafield tag="504" ind1=" " ind2=" ">
    <subfield code="a">Bibliograf&#xED;a: p&#xE1;gina 139</subfield>
  </datafield>
  <datafield tag="505" ind1=" " ind2=" ">
    <subfield code="a">Introducci&#xF3;n.-- Presentaci&#xF3;n.</subfield>
    <subfield code="g">Regi&#xF3;n Sureste.</subfield>
    <subfield code="t">Isla Saona.-- Isla Catal&#xF1;ina.-- Isla la Matica.-- Isla Pino o Piedra.--</subfield>
    <subfield code="g">Regi&#xF3;n Suroeste</subfield>
    <subfield code="t">Isla Beata.--</subfield>
    <subfield code="t">Cayo Alto Velo.--</subfield>
    <subfield code="t">Cayo Los Frailes.-- Cayos Los Mellizos, Iguana y Puerto Rico.--</subfield>
    <subfield code="t">Cayos de Puerto Viejo de Azua.-- Isla Cabritos, Barbarita y la Islita.--</subfield>
    <subfield code="g">Regi&#xF3;n Nordeste.</subfield>
    <subfield code="t">Cayo Haitises.--</subfield>
    <subfield code="t">Cayos de Saman&#xE1;.--</subfield>
    <subfield code="t">Regi&#xF3;n Norte.</subfield>
    <subfield code="t">Cayos Los 7 Hermanos.--</subfield>
    <subfield code="t">Cayos de Saman&#xE1;.--</subfield>
  </datafield>
  <datafield tag="590" ind1=" " ind2=" ">
    <subfield code="a">Inventariado 2024 / MF</subfield>
  </datafield>
  <datafield tag="650" ind1=" " ind2="4">
    <subfield code="9">79516</subfield>
    <subfield code="a">Biodiversidad</subfield>
    <subfield code="z">Rep&#xFA;blica Dominicana</subfield>
  </datafield>
  <datafield tag="650" ind1=" " ind2="4">
    <subfield code="a">Ecosistemas Costeros</subfield>
    <subfield code="9">10254</subfield>
    <subfield code="z">Rep&#xFA;blica Dominicana </subfield>
  </datafield>
  <datafield tag="651" ind1=" " ind2="4">
    <subfield code="9">82207</subfield>
    <subfield code="a">Rep&#xFA;blica Dominicana </subfield>
    <subfield code="x">Descripciones y viajes</subfield>
    <subfield code="x">Islas</subfield>
  </datafield>
  <datafield tag="700" ind1="1" ind2=" ">
    <subfield code="9">78626</subfield>
    <subfield code="a">Cruz, C&#xE9;sar, de la,</subfield>
    <subfield code="e">fotograf&#xED;as</subfield>
  </datafield>
  <datafield tag="700" ind1="1" ind2=" ">
    <subfield code="a">Gonz&#xE1;lez, Miltom,</subfield>
    <subfield code="e">fotograf&#xED;a</subfield>
    <subfield code="9">82873</subfield>
  </datafield>
  <datafield tag="700" ind1="1" ind2=" ">
    <subfield code="a">Brito, Carlos,</subfield>
    <subfield code="e">fotograf&#xED;a</subfield>
    <subfield code="9">82874</subfield>
  </datafield>
  <datafield tag="710" ind1="2" ind2=" ">
    <subfield code="a">Grupo Jaragua</subfield>
    <subfield code="e">fotograf&#xED;a</subfield>
    <subfield code="9">82875</subfield>
  </datafield>
  <datafield tag="942" ind1=" " ind2=" ">
    <subfield code="2">ddc</subfield>
    <subfield code="c">LBS1</subfield>
  </datafield>
  <datafield tag="952" ind1=" " ind2=" ">
    <subfield code="0">0</subfield>
    <subfield code="1">0</subfield>
    <subfield code="2">ddc</subfield>
    <subfield code="5">1</subfield>
    <subfield code="7">0</subfield>
    <subfield code="8">PD</subfield>
    <subfield code="a">BNPHU</subfield>
    <subfield code="b">BNPHU</subfield>
    <subfield code="c">CT</subfield>
    <subfield code="d">2022-01-07</subfield>
    <subfield code="e">Donado por Luis Tom&#xE1;s Oviedo</subfield>
    <subfield code="l">0</subfield>
    <subfield code="o">G643r</subfield>
    <subfield code="p">2022-5616</subfield>
    <subfield code="r">2022-11-25</subfield>
    <subfield code="w">2022-11-25</subfield>
    <subfield code="y">LBS1</subfield>
  </datafield>
  <datafield tag="952" ind1=" " ind2=" ">
    <subfield code="0">0</subfield>
    <subfield code="1">0</subfield>
    <subfield code="2">ddc</subfield>
    <subfield code="5">1</subfield>
    <subfield code="7">0</subfield>
    <subfield code="8">PD</subfield>
    <subfield code="a">BNPHU</subfield>
    <subfield code="b">BNPHU</subfield>
    <subfield code="c">CT</subfield>
    <subfield code="d">2023-11-21</subfield>
    <subfield code="l">0</subfield>
    <subfield code="o">BNPHU PD G643r</subfield>
    <subfield code="p">2023-7913</subfield>
    <subfield code="r">2023-11-21</subfield>
    <subfield code="t">e.2</subfield>
    <subfield code="w">2023-11-21</subfield>
    <subfield code="y">LBS1</subfield>
  </datafield>
  <datafield tag="999" ind1=" " ind2=" ">
    <subfield code="c">53003</subfield>
    <subfield code="d">53003</subfield>
  </datafield>
</record>
